000 00457nam a22001337i 4500
001 000019914
005 20200929170205.0
008 800827|1979 ||| 000 0 spa
040 _aDO-SdBNP
_bspa
_cBNPHU
100 1 _aMonleón, José,
_d1927-
_942475
245 1 0 _aRafael Alberti y Nuria Espert :
_bpoesía y voz de la escena española /
_cJosé Monleón.
260 _aCaracas, Venezuela :
_bEditorial Ateneo de Caracas,
_c1979.
300 _a223 p. : ;
_c20 cm.
999 _c19427
_d19427